000 00708nam a2200229 a 4500
005 20250116063842.0
008 011126s1995 es r 000 0 spa d
020 _a8477312052
035 _aUPN01000114075
049 _aCG
050 4 _aLB41
_bE7.38
245 0 0 _aEscuela, poder y subjetivación /
_cMario Díaz ... [et al.] ; ed. Jorge Larrosa ; tr. Noemí Sobregués.
260 _aMadrid :
_bLa Piqueta,
_c1995.
300 _a366 p.
440 0 _aGenealogía del poder ;
_v26
650 4 _aEducación
_xInvestigación
_94070
650 4 _aPoder (Ciencias sociales)
_91203
650 4 _aEducación
_9682
700 1 _aDíaz, Mario,
_ecoaut.
700 1 _aLarrosa, Jorge,
_eed.
_931056
905 _aLibro
999 _c87983
_d87983